000 00405nam a2200181Ia 4500
001 11112
005 20260306161922.0
008 260306t2015||||xx |||||||||||||| ||spa||
041 _aESP
082 _a985.009
_bC75
100 _aColegio de Abogados de Arequipa
_eAUT
245 0 _aMariano Melgar
260 _c2015
300 _a
_c
650 _aGEN
654 _aCHU
942 _cLIB
_dJUS
_fJUS
_2ddc
_n
999 _c11112
_d11112